[Event "em-team men"]
[Site "?"]
[Date "2003.10.18"]
[Round "7.3"]
[White "Degraeve, Jean-Marc"]
[Black "Gagunashvili, Merab"]
[Result "1/2-1/2"]
[WhiteElo "2562"]
[BlackElo "2582"]
[PlyCount "55"]
[EventDate "2003.10.18"]

1. e4 c5 2. Nc3 Nc6 3. Bb5 Nd4 4. Bc4 g6 5. Nf3 Bg7 6. Nxd4 cxd4 7. Qf3 Nh6 8.
Ne2 O-O 9. c3 dxc3 10. dxc3 Ng4 11. Bxf7+ Rxf7 12. Qxg4 d5 13. Qh4 Bf6 14. Qh6
dxe4 15. O-O Qd3 16. Ng3 Bf5 17. Bg5 Rd8 18. Bxf6 Rxf6 19. Qc1 e3 20. Qxe3 Qxe3
21. fxe3 Rd2 22. Rf2 Rxf2 23. Kxf2 Bd7+ 24. Kg1 Rd6 25. Ne4 Rd3 26. Nc5 Rd2 27.
Nxd7 Rxd7 28. Rf1 1/2-1/2

[Event "em-team men"]
[Site "?"]
[Date "2003.10.18"]
[Round "7.4"]
[White "Moiseenko, Alexander"]
[Black "Pavlovic, Milos"]
[Result "1-0"]
[WhiteElo "2618"]
[BlackElo "2593"]
[PlyCount "79"]
[EventDate "2003.10.18"]

1. d4 Nf6 2. Bg5 e6 3. Nf3 c5 4. e3 cxd4 5. exd4 Be7 6. c3 Nc6 7. Bd3 O-O 8.
O-O b6 9. Nbd2 Bb7 10. Re1 Nd5 11. Bxe7 Ncxe7 12. Rc1 Qc7 13. Ne4 Rac8 14. Ng3
Nf4 15. Be4 Neg6 16. a3 b5 17. Bxb7 Qxb7 18. Ne4 Qd5 19. g3 f5 20. c4 bxc4 21.
Nc3 Qb7 22. gxf4 Nxf4 23. Rb1 Rf6 24. Re3 Rg6+ 25. Kf1 d6 26. b3 Ng2 27. Rxe6
Rxe6 28. Kxg2 Rg6+ 29. Kf1 Qf7 30. Ne2 f4 31. bxc4 Qf5 32. Neg1 Qg4 33. Ke2 Kh8
34. Qd3 Re6+ 35. Kd2 Qg2 36. Rf1 Re3 37. Qf5 Rce8 38. Ng5 Qxh2 39. N1f3 Re2+
40. Kd1 1-0

[Event "em-team men"]
[Site "?"]
[Date "2003.10.18"]
[Round "7.6"]
[White "Nijboer, Friso"]
[Black "Banikas, Hristos"]
[Result "1-0"]
[WhiteElo "2577"]
[BlackElo "2522"]
[PlyCount "117"]
[EventDate "2003.10.18"]

1. e4 c5 2. Nf3 d6 3. d4 cxd4 4. Nxd4 Nf6 5. Nc3 g6 6. Be3 Bg7 7. f3 O-O 8. Qd2
Nc6 9. Bc4 Bd7 10. O-O-O Rc8 11. Bb3 Ne5 12. Kb1 Nc4 13. Bxc4 Rxc4 14. g4 Qb8
15. h4 Rfc8 16. h5 Rxc3 17. bxc3 Qc7 18. hxg6 hxg6 19. Bh6 Qxc3 20. Qxc3 Rxc3
21. Bxg7 Kxg7 22. Kb2 Rc7 23. Rd3 Be8 24. Rc3 Rxc3 25. Kxc3 e5 26. Nb3 d5 27.
g5 Nh7 28. exd5 Nxg5 29. Re1 f6 30. f4 Nf7 31. Nc5 Kf8 32. fxe5 Nxe5 33. Nxb7
g5 34. Nd6 Bg6 35. Nc4 Nd7 36. d6 Bf5 37. Re7 Bh3 38. Kd4 Nb8 39. Rh7 Be6 40.
Rh8+ Bg8 41. Ne3 Kg7 42. Rh1 Be6 43. Rb1 Nc6+ 44. Kc5 Ne5 45. Rb7+ Kg6 46. Re7
Bh3 47. Rxa7 Nd7+ 48. Kd4 Be6 49. c4 f5 50. Nd5 f4 51. Ne7+ Kh5 52. c5 f3 53.
Ke3 Nxc5 54. Kxf3 g4+ 55. Kf4 Kh4 56. Ng6+ Kh3 57. Rh7+ Kg2 58. Nf8 g3 59. Rg7
1-0

[Event "em-team men"]
[Site "?"]
[Date "2003.10.18"]
[Round "7.7"]
[White "Chatalbashev, Boris"]
[Black "Kovalev, Andrei"]
[Result "1/2-1/2"]
[WhiteElo "2534"]
[BlackElo "2572"]
[PlyCount "90"]
[EventDate "2003.10.18"]

1. d4 Nf6 2. c4 g6 3. Nc3 Bg7 4. e4 d6 5. Bd3 O-O 6. Nge2 Nbd7 7. O-O c5 8. d5
Ne5 9. f4 Nxd3 10. Qxd3 a6 11. a4 Bd7 12. h3 b5 13. axb5 axb5 14. Rxa8 Qxa8 15.
cxb5 Rb8 16. e5 Ne8 17. Qe3 Qb7 18. exd6 exd6 19. f5 Bxf5 20. g4 Bc2 21. Qf3
Qe7 22. Bf4 f5 23. Ng3 g5 24. Bd2 f4 25. Re1 Be5 26. Nge4 Qg7 27. Kg2 Bxe4 28.
Rxe4 Nf6 29. Ra4 Qg6 30. Ra2 Qc2 31. b4 Qb3 32. bxc5 Bxc3 33. Ra7 Nxd5 34. Qd3
f3+ 35. Kf2 Nf6 36. Bxc3 Qxc3 37. Rg7+ Kf8 38. Qxc3 Ne4+ 39. Kxf3 Nxc3 40. Rxh7
Rxb5 41. cxd6 Rd5 42. d7 Rd3+ 43. Kg2 Rd2+ 44. Kf3 Rd3+ 45. Kg2 Rd2+ 1/2-1/2

[Event "em-team men"]
[Site "?"]
[Date "2003.10.18"]
[Round "7.7"]
[White "Kupreichik, Viktor"]
[Black "Radulski, Julian"]
[Result "0-1"]
[WhiteElo "2496"]
[BlackElo "2475"]
[PlyCount "88"]
[EventDate "2003.10.18"]

1. e4 e5 2. Nf3 Nc6 3. Bb5 a6 4. Ba4 Nf6 5. O-O Be7 6. Re1 b5 7. Bb3 O-O 8. a4
Bb7 9. d3 d6 10. Nc3 b4 11. Ne2 Na5 12. Ba2 c5 13. c3 Rb8 14. cxb4 cxb4 15. Ng3
b3 16. Bb1 Re8 17. d4 exd4 18. Nxd4 d5 19. e5 Ne4 20. Bf4 Bb4 21. Re2 Qh4 22.
Be3 g6 23. Nxb3 Nxb3 24. Qxb3 a5 25. Nxe4 dxe4 26. Ba2 Re7 27. Bd4 Rd8 28. Qe3
Red7 29. Bc3 Rd3 30. Qb6 Bxc3 31. bxc3 e3 32. Rae1 Bxg2 33. Rxe3 Bf3 34. Rxf3
Rxf3 35. e6 fxe6 36. Qxe6+ Kh8 37. Qe5+ Qf6 38. Qxa5 Rxf2 39. Qxd8+ Qxd8 40.
Kxf2 Qh4+ 41. Kf1 Qxh2 42. Bd5 Qf4+ 43. Kg1 Qg3+ 44. Kf1 Qd3+ 0-1

[Event "em-team men"]
[Site "?"]
[Date "2003.10.18"]
[Round "7.14"]
[White "Kelly, Brian"]
[Black "Kulaots, Kaido"]
[Result "1-0"]
[WhiteElo "2487"]
[BlackElo "2530"]
[PlyCount "133"]
[EventDate "2003.10.18"]

1. d4 Nf6 2. c4 e6 3. Nc3 Bb4 4. Qc2 O-O 5. a3 Bxc3+ 6. Qxc3 b6 7. Bg5 Bb7 8.
f3 h6 9. Bh4 d5 10. e3 Nbd7 11. cxd5 Nxd5 12. Bxd8 Nxc3 13. Bh4 Nd5 14. Bf2 c5
15. e4 Nf4 16. Bb5 Rad8 17. Ne2 Nxg2+ 18. Kf1 f5 19. d5 fxe4 20. dxe6 Rxf3 21.
Kxg2 e3 22. Bg3 Ne5 23. Kh3 Bc8 24. Rhd1 Rd2 25. Kg2 Bb7 26. Bxe5 Rf5+ 27. Kg1
Rxe5 28. Rxd2 exd2 29. Rd1 a6 30. Bd3 b5 31. Rxd2 Rxe6 32. Bf5 Re5 33. Ng3 Kf8
34. Rd8+ Kf7 35. Rd7+ Re7 36. Rxe7+ Kxe7 37. Kf2 Kf6 38. Be4 Bc8 39. Ke3 Ke5
40. Bf3 a5 41. Ne4 c4 42. Nd2 Be6 43. Be2 g5 44. a4 bxa4 45. Nxc4+ Kd5 46. Kd3
Kc5 47. Kc3 h5 48. Nd2 g4 49. Ne4+ Kc6 50. Nf6 Bf7 51. Kd4 Kd6 52. Ne4+ Kc6 53.
Bd1 Kb6 54. Bxa4 h4 55. Bd7 Bh5 56. Ke5 Kc7 57. Bb5 Kb6 58. Bf1 Bf7 59. Kf4 g3
60. h3 Bd5 61. Bg2 a4 62. Kg4 Ka5 63. Kxh4 Kb4 64. Kxg3 Bg8 65. Nd2 Kc5 66. Kf4
Kd4 67. Be4 1-0

[Event "em-team men"]
[Site "?"]
[Date "2003.10.18"]
[Round "7.16"]
[White "Thorfinnsson, Bragi"]
[Black "Butnorius, Algimantas"]
[Result "1/2-1/2"]
[WhiteElo "2388"]
[BlackElo "2424"]
[PlyCount "83"]
[EventDate "2003.10.18"]

1. d4 Nf6 2. c4 e6 3. Nf3 Bb4+ 4. Bd2 a5 5. g3 d6 6. Bg2 Nbd7 7. Nc3 e5 8. a3
Bxc3 9. Bxc3 Ne4 10. Rc1 Nxc3 11. Rxc3 O-O 12. O-O Re8 13. Qc2 exd4 14. Nxd4 a4
15. Be4 Nf6 16. Bf3 Re5 17. c5 dxc5 18. Rxc5 Rxc5 19. Qxc5 c6 20. Rd1 Bh3 21.
e4 Qf8 22. Qg5 h6 23. Qf4 Rd8 24. e5 Nh7 25. Nf5 Bxf5 26. Qxf5 Ng5 27. Be2
Rxd1+ 28. Bxd1 b5 29. h4 Ne6 30. Bc2 Qc5 31. Be4 Qc4 32. Qh7+ Kf8 33. Bg2 Qc1+
34. Kh2 Qxb2 35. Qh8+ Ke7 36. Qb8 Nd4 37. Qd6+ Ke8 38. Kg1 b4 39. axb4 a3 40.
Qb8+ Ke7 41. Qd6+ Ke8 42. Qb8+ 1/2-1/2

[Event "em-team men"]
[Site "?"]
[Date "2003.10.18"]
[Round "7.17"]
[White "Shaw, John"]
[Black "Volkmann, Friedrich"]
[Result "1/2-1/2"]
[WhiteElo "2465"]
[BlackElo "2452"]
[PlyCount "87"]
[EventDate "2003.10.18"]

1. e4 e5 2. Nf3 Nf6 3. Nxe5 Nxe4 4. Qe2 Qe7 5. Qxe4 d6 6. d4 dxe5 7. dxe5 Nc6
8. Bb5 Bd7 9. Nc3 Qb4 10. Bc4 O-O-O 11. a3 Qa5 12. Bxf7 Nxe5 13. b4 Bxb4 14.
Qxb4 Qxb4 15. axb4 Nxf7 16. Rxa7 Kb8 17. Be3 b6 18. Ra1 Bf5 19. O-O Bxc2 20.
Rfc1 Bd3 21. Bf4 Rd7 22. Ra3 Rhd8 23. f3 g5 24. Bg3 Nd6 25. Rca1 h6 26. Nd5 Nb5
27. Nxb6 Nxa3 28. Nxd7+ Rxd7 29. Rxa3 Kb7 30. Bf2 Be2 31. Be3 Bb5 32. Kf2 Rd5
33. Rc3 Kc8 34. g4 c6 35. Kg3 Kd7 36. h4 Ke6 37. h5 Rd3 38. Rxd3 Bxd3 39. f4
Kf6 40. Bd4+ Kf7 41. Bb6 gxf4+ 42. Kxf4 Be2 43. Be3 Kg7 44. Bd4+ 1/2-1/2

[Event "em-team men"]
[Site "?"]
[Date "2003.10.18"]
[Round "7.17"]
[White "Schroll, Gerhard"]
[Black "Berry, Neil"]
[Result "1/2-1/2"]
[WhiteElo "2417"]
[BlackElo "2300"]
[PlyCount "70"]
[EventDate "2003.10.18"]

1. d4 d5 2. c4 c6 3. Nf3 Nf6 4. Nc3 a6 5. e3 b5 6. b3 Bf5 7. Ne5 e6 8. g4 Bg6
9. h4 Bb4 10. Bd2 Qa5 11. Rc1 Ne4 12. Nxe4 Bxe4 13. f3 dxc4 14. Bxc4 bxc4 15.
Nxc4 Bxd2+ 16. Qxd2 Qxd2+ 17. Nxd2 Bd5 18. e4 a5 19. Ke2 Kd8 20. exd5 exd5 21.
Kd3 Na6 22. a3 Kd7 23. Rhe1 Rhe8 24. Nf1 Nc7 25. Rxe8 Rxe8 26. Ne3 Rb8 27. Rb1
Ne6 28. Nc2 Nf4+ 29. Kd2 h5 30. b4 axb4 31. axb4 Re8 32. Ne3 Ra8 33. Nc2 Re8
34. Ne3 Ra8 35. Nc2 Re8 1/2-1/2

[Event "em-team men"]
[Site "?"]
[Date "2003.10.18"]
[Round "7.5"]
[White "Pavasovic, Dusko"]
[Black "Ruck, Robert"]
[Result "1-0"]
[WhiteElo "2586"]
[BlackElo "2551"]
[PlyCount "89"]
[EventDate "2003.10.18"]

1. e4 c5 2. c3 Nf6 3. e5 Nd5 4. Nf3 e6 5. d4 cxd4 6. cxd4 d6 7. Bc4 Nb6 8. Bb3
Bd7 9. O-O Bc6 10. Nc3 Be7 11. exd6 Qxd6 12. Ne5 O-O 13. Bf4 Qd8 14. Qg4 N8d7
15. Bh6 Bf6 16. Nxc6 bxc6 17. Bc2 Re8 18. Ne4 g6 19. Nd6 Re7 20. Rfd1 Nd5 21.
Rac1 Qb8 22. Nc4 a5 23. Ba4 Ra6 24. Qe2 Qa8 25. a3 Bg7 26. Bg5 Re8 27. Rc2 Rb8
28. h4 h6 29. Bc1 N7b6 30. Nxb6 Rbxb6 31. Qd3 Qd8 32. g3 Ne7 33. Bf4 Nd5 34.
Bd2 Qb8 35. b3 Bf8 36. Bc1 Bd6 37. Qe2 Ra7 38. Bb2 Rc7 39. Rdc1 Qe8 40. Qf3 Ne7
41. Rc4 h5 42. Qd3 Qa8 43. Qd2 Ra6 44. R1c2 Kg7 45. Qc1 1-0

[Event "em-team men"]
[Site "?"]
[Date "2003.10.18"]
[Round "7.10"]
[White "Brynell, Stellan"]
[Black "Luther, Thomas"]
[Result "*"]
[WhiteElo "2462"]
[BlackElo "2580"]
[PlyCount "84"]
[EventDate "2003.10.18"]

1. e4 c6 2. d4 d5 3. exd5 cxd5 4. Bd3 Nc6 5. c3 Qc7 6. Ne2 Bg4 7. f3 Bd7 8. Bf4
e5 9. dxe5 Nxe5 10. O-O Bd6 11. Nd4 Ne7 12. Bc2 f6 13. Nd2 g5 14. Bg3 h5 15.
Ba4 O-O-O 16. Bxd7+ Qxd7 17. Qe2 Kb8 18. Nb5 Bc5+ 19. Kh1 Ka8 20. Nb3 Bb6 21.
a4 h4 22. Bxe5 fxe5 23. Qxe5 Nf5 24. N3d4 {Diagram #} 24... Ng3+ 25. Kg1 Nxf1
26. Kxf1 Rde8 27. Qxg5 h3 28. g3 Rhf8 29. Qg6 Qe7 30. Qd3 a6 31. a5 Bd8 32. Na3
Bxa5 33. Nac2 Bb6 34. Ne2 Qc5 35. Ncd4 Rf7 36. Nf4 Rfe7 37. Nxh3 Re3 38. Qd2
Qc4+ 39. Kg1 Re2 40. Qd1 Rxb2 41. Rc1 Ree2 42. Nf4 Red2 *

[Event "em-team men"]
[Site "?"]
[Date "2003.10.18"]
[Round "7.16"]
[White "Sakalauskas, Vaidas"]
[Black "Gunnarsson, Jon Viktor"]
[Result "1-0"]
[WhiteElo "2423"]
[BlackElo "2419"]
[PlyCount "81"]
[EventDate "2003.10.18"]

1. d4 d5 2. c4 c6 3. Nc3 Nf6 4. e3 a6 5. Nf3 b5 6. b3 Bg4 7. Be2 e6 8. O-O Nbd7
9. h3 Bh5 10. Bb2 Bd6 11. Ne5 Bxe2 12. Nxe2 Qc7 13. cxd5 cxd5 14. Rc1 Qb8 15.
Nxd7 Kxd7 16. f3 Qb7 17. e4 dxe4 {Diagram #} 18. d5 Qxd5 19. fxe4 Qxd1 20.
Rcxd1 Nxe4 21. Rxf7+ Kc6 22. Nd4+ Kb6 23. Nxe6 Rhe8 24. Nxg7 Rf8 25. Bd4+ Ka5
26. Rd7 Rfd8 27. Rb7 Bc5 28. Ne6 Bxd4+ 29. Rxd4 Rxd4 30. Nxd4 Kb4 31. Re7 Nc5
32. Rc7 Ne4 33. Nc2+ Ka5 34. Rxh7 Rc8 35. Rh4 Nc3 36. Nd4 Nxa2 37. Kf2 Nc1 38.
Re4 Rc3 39. Ke1 Rg3 40. Kf2 Rc3 41. h4 1-0

[Event "em-team men"]
[Site "?"]
[Date "2003.10.18"]
[Round "7.1"]
[White "Markowski, Tomasz"]
[Black "Bareev, Evgeny"]
[Result "1/2-1/2"]
[WhiteElo "2610"]
[BlackElo "2739"]
[PlyCount "83"]
[EventDate "2003.10.18"]

1. g3 e5 2. c4 Nf6 3. Bg2 Nc6 4. Nc3 Bc5 5. e3 d5 6. Nxd5 Nxd5 7. cxd5 Nb4 8.
d3 Nxd5 9. Nf3 Qe7 10. O-O O-O 11. a3 Bd6 12. Qc2 c6 13. b3 Re8 14. Bb2 Nf6 15.
Nd2 Bf5 16. Nc4 Bc7 17. e4 Bd7 18. b4 b5 19. Nd2 a5 20. Bc3 axb4 21. axb4 Rxa1
22. Rxa1 Bd6 23. Qb2 c5 24. bxc5 Bxc5 25. d4 exd4 26. Bxd4 h6 27. h3 Qd6 28.
Bxc5 Qxc5 29. Rc1 Qd6 30. Re1 Qe5 31. Qxe5 Rxe5 32. Rc1 Re8 33. f4 Rd8 34. e5
Be6 35. Nf1 Ne8 36. Rb1 Rb8 37. Rb4 Nc7 38. Ne3 Na6 39. Rb2 b4 40. f5 Bd7 41.
Nd5 Kf8 42. e6 1/2-1/2

[Event "em-team men"]
[Site "?"]
[Date "2003.10.18"]
[Round "7.6"]
[White "Vouldis, Angelos"]
[Black "Tiviakov, Sergei"]
[Result "1-0"]
[WhiteElo "2528"]
[BlackElo "2601"]
[PlyCount "73"]
[EventDate "2003.10.18"]

1. e4 c5 2. Nf3 Nc6 3. d4 cxd4 4. Nxd4 g6 5. Nc3 Bg7 6. Be3 Nf6 7. Bc4 O-O 8.
Bb3 d6 9. f3 Bd7 10. h4 h5 11. Qd2 Rc8 12. O-O-O Ne5 13. Bg5 Rc5 14. Kb1 b5 15.
g4 hxg4 16. h5 Nxh5 17. Nd5 Re8 18. Rxh5 gxh5 19. Qh2 Rxd5 20. Bxd5 Qc8 21.
Qxh5 e6 22. Bb3 Qc5 23. f4 Nc4 24. Qxg4 Kf8 25. e5 dxe5 26. f5 Nxb2 27. f6 Na4
28. Qh4 Nc3+ 29. Ka1 Kg8 30. fxg7 f6 31. Qh8+ Kf7 32. g8=Q+ Rxg8 33. Qxf6+ Ke8
34. Qd8+ Kf7 35. Qxd7+ Kg6 36. Qxe6+ Kxg5 37. Qxg8+ 1-0

[Event "em-team men"]
[Site "?"]
[Date "2003.10.18"]
[Round "7.12"]
[White "Korchnoi, Viktor"]
[Black "Van Der Stricht, Geert"]
[Result "1-0"]
[WhiteElo "2580"]
[BlackElo "2468"]
[PlyCount "71"]
[EventDate "2003.10.18"]

1. c4 e6 2. e4 d5 3. exd5 exd5 4. d4 Bb4+ 5. Nc3 Nf6 6. Bd3 O-O 7. Nf3 Re8+ 8.
Be3 Bg4 9. O-O Nbd7 10. Qb3 Bxc3 11. bxc3 Bxf3 12. gxf3 Nb6 13. c5 Nc4 14. Rae1
Qc8 15. Kg2 b6 16. cxb6 axb6 17. Bc1 Qa6 18. Bb1 h6 19. Rg1 Qc8 20. Qd1 Qd7 21.
Kh1 Rxe1 22. Qxe1 Re8 23. Qf1 Kh8 24. Bf4 Rg8 25. Qg2 c6 26. Bc1 Qe6 27. Bd3 b5
28. Qg3 Ne8 29. Bf4 Ned6 30. Qh4 Re8 31. Qh5 Qf6 32. Rg4 Re1+ 33. Kg2 Re8 34.
Bg3 Rg8 35. Be5 Qe6 36. Rg6 {Diagram #} 1-0

[Event "em-team men"]
[Site "?"]
[Date "2003.10.18"]
[Round "7.13"]
[White "Borgo, Giulio"]
[Black "Bistric, Faruk"]
[Result "0-1"]
[WhiteElo "2419"]
[BlackElo "2503"]
[PlyCount "58"]
[EventDate "2003.10.18"]

1. Nf3 d5 2. d4 Nf6 3. c4 dxc4 4. e3 g6 5. Bxc4 Bg7 6. O-O O-O 7. Nc3 c5 8. d5
Bg4 9. e4 Nbd7 10. Be2 Ne8 11. Bf4 Bxf3 12. Bxf3 Nd6 13. Re1 Ne5 14. Be2 Rc8
15. Bg3 c4 16. f4 Nd3 17. Bxd3 Qb6+ 18. Bf2 Qxb2 19. e5 cxd3 20. exd6 d2 21.
dxe7 dxe1=Q+ 22. Bxe1 Rfe8 23. Rb1 Qa3 24. d6 Bxc3 25. Rb3 Qc5+ 26. Bf2 Bd4 27.
d7 Bxf2+ 28. Kf1 Bh4 29. dxe8=Q+ Rxe8 0-1

[Event "em-team men"]
[Site "?"]
[Date "2003.10.18"]
[Round "7.14"]
[White "Kanep, Meelis"]
[Black "Collins, Sam"]
[Result "0-1"]
[WhiteElo "2452"]
[BlackElo "2387"]
[PlyCount "108"]
[EventDate "2003.10.18"]

1. d4 d5 2. c4 c6 3. Nf3 Nf6 4. e3 Bg4 5. Nc3 e6 6. h3 Bxf3 7. Qxf3 Nbd7 8. Bd3
Bd6 9. O-O O-O 10. Rd1 Re8 11. Bf1 Qe7 12. a3 dxc4 13. Bxc4 e5 14. Bd2 Rad8 15.
b4 Bb8 16. g3 Nb6 17. Bb3 exd4 18. exd4 Rxd4 19. Bg5 Be5 20. Re1 Qd7 21. Rad1
h6 22. Bxf6 Bxf6 23. Ne4 Rxd1 24. Nxf6+ gxf6 25. Rxd1 Qxh3 26. Qxf6 Nd5 27.
Bxd5 cxd5 28. Qd4 Qh5 29. Kg2 Rd8 30. Rh1 Qg6 31. Rh4 Qc6 32. Kh2 Qb6 33. Rg4+
Kf8 34. Qg7+ Ke7 35. Rf4 Qe6 36. Qd4 Qb6 37. Qe5+ Qe6 38. Qd4 Qb6 39. Qe5+ Qe6
40. Qc7+ Rd7 41. Qc5+ Qd6 42. Qe3+ Qe6 43. Qxa7 b6 44. Qa8 Rd8 45. Qa6 d4 46.
Qd3 Qg6 47. Qe2+ Kf8 48. Qe5 d3 49. Re4 Qxe4 50. Qxe4 d2 51. Qe5 Kg8 52. Qc7
d1=Q 53. Qxb6 Qh5+ 54. Kg2 Rd1 0-1

[Event "em-team men"]
[Site "?"]
[Date "2003.10.18"]
[Round "7.15"]
[White "Iotov, Valentin"]
[Black "Bayram, Yakup"]
[Result "1-0"]
[WhiteElo "2280"]
[BlackElo "2306"]
[PlyCount "73"]
[EventDate "2003.10.18"]

1. d4 d5 2. Nf3 Nf6 3. c4 c6 4. Nc3 g6 5. Bf4 Bg7 6. e3 O-O 7. Bd3 dxc4 8. Bxc4
Bg4 9. h3 Bxf3 10. Qxf3 Nbd7 11. O-O e6 12. Rfd1 Qe7 13. Bg5 h6 14. Bh4 e5 15.
Ne4 exd4 16. Rxd4 Ne5 17. Nxf6+ Kh8 18. Qf4 g5 19. Nh5 f5 20. Bb3 Rae8 21. Qg3
f4 22. exf4 Nf3+ 23. gxf3 Bxd4 24. fxg5 Qc5 25. Nf4 Qf5 26. Ng2 Re2 27. Qd6 Bg7
28. f4 hxg5 29. Bxg5 Qxh3 30. Rd1 Qg4 31. Rd3 Rfe8 32. Kh2 R2e6 33. Bxe6 Rxe6
34. Qd8+ Kh7 35. Rh3+ Kg6 36. Ne3 Rxe3 37. Rxe3 1-0

[Event "ETCC"]
[Site "Plovdiv"]
[Date "2003.10.19"]
[Round "8.16"]
[White "Papatryfonos, Constantinos"]
[Black "Wagener, Claude"]
[Result "1/2-1/2"]
[WhiteElo "2111"]
[BlackElo "2217"]
[PlyCount "140"]
[EventDate "2003.10.19"]

1. d4 Nf6 2. Nf3 g6 3. Bf4 Bg7 4. Nc3 d5 5. Qd2 Ne4 6. Nxe4 dxe4 7. Ne5 Be6 8.
e3 Nd7 9. Nc4 O-O 10. Be2 Bxc4 11. Bxc4 e5 12. dxe5 Nxe5 13. Bxe5 Bxe5 14. c3
Qe7 15. O-O-O Bd6 16. Bd5 Rab8 17. Qc2 Rfe8 18. Rd4 c6 19. Rxe4 Qg5 20. Rxe8+
Rxe8 21. Bf3 h5 22. h3 Bc5 23. Qb3 Bb6 24. Qc4 Rd8 25. Rd1 Rxd1+ 26. Kxd1 Kg7
27. Qd3 Qe7 28. Kd2 Qe6 29. b3 Qe7 30. Kc2 Qa3 31. Kb1 Qe7 32. Kb2 Qe5 33. Qd7
Ba5 34. Qd4 Kf6 35. b4 Bb6 36. Qd7 Qc7 37. Qxc7 Bxc7 38. b5 cxb5 39. Bxb7 Ke5
40. Kb3 Ba5 41. Ba6 h4 42. Bxb5 f5 43. Be2 g5 44. Kc4 f4 45. exf4+ gxf4 46. f3
Bb6 47. a4 Kd6 48. Bd1 Kc6 49. Bb3 Bf2 50. Kd3 Kc5 51. Ke4 Bg3 52. Bf7 Bh2 53.
Kd3 Bg1 54. Be8 Bf2 55. Ke4 Bg3 56. Bb5 Kd6 57. Bc4 Kc5 58. Bf1 Kd6 59. a5 Kc5
60. Ke5 Kc6 61. Ke6 Be1 62. g4 hxg3 63. Kf5 Bxc3 64. Kxf4 Bxa5 65. Kxg3 Kd6 66.
Kg4 Ke6 67. Kg5 Kf7 68. Bc4+ Kg7 69. Kf5 Bd2 70. f4 Bxf4 1/2-1/2

[Event "ETCC"]
[Site "Plovdiv"]
[Date "2003.10.19"]
[Round "8.7"]
[White "Pavlovic, Milos"]
[Black "Fedorov, Alexei"]
[Result "0-1"]
[WhiteElo "2593"]
[BlackElo "2595"]
[PlyCount "86"]
[EventDate "2003.10.19"]

1. e4 c5 2. Nf3 Nc6 3. d4 cxd4 4. Nxd4 e5 5. Nb5 d6 6. N1c3 a6 7. Na3 b5 8. Nd5
Nge7 9. c4 Nd4 10. Be3 Nxd5 11. cxd5 Be7 12. Bd3 O-O 13. O-O Bf6 14. Qd2 g6 15.
f4 Bg7 16. f5 Kh8 17. Kh1 gxf5 18. exf5 Bf6 19. Nb1 Bb7 20. Nc3 Rg8 21. Be4 Rc8
22. Qd3 Rc5 23. a4 b4 24. Ne2 Qa8 25. Nf4 a5 26. Bxd4 exd4 27. Qh3 Qd8 28. Rf3
Qe7 29. Bd3 Bxd5 30. Rg3 Bc6 31. Rf1 Re5 32. Qh6 Rxg3 33. hxg3 Bg5 34. Qh5 h6
35. Kh2 Be4 36. Bxe4 Rxe4 37. Nd5 Qb7 38. Nf6 Re7 39. Rf4 Kg7 40. Ng4 Re2 41.
Nf2 d3 42. f6+ Bxf6 43. Ne4 Bg5 0-1

[Event "ETCC"]
[Site "Plovdiv"]
[Date "2003.10.19"]
[Round "8.7"]
[White "Perunovic, Milos"]
[Black "Kovalev, Andrei"]
[Result "1/2-1/2"]
[WhiteElo "2534"]
[BlackElo "2572"]
[PlyCount "93"]
[EventDate "2003.10.19"]

1. e4 c5 2. Nf3 Nc6 3. d4 cxd4 4. Nxd4 e5 5. Nb5 d6 6. c4 Be7 7. Bd3 Be6 8. O-O
Rc8 9. N1c3 a6 10. Na3 Bg5 11. Nc2 Bxc1 12. Rxc1 Nf6 13. Qd2 O-O 14. Rfd1 Bg4
15. Be2 Bxe2 16. Qxe2 Qb6 17. b3 Rfd8 18. Rd3 Qa5 19. a4 Nb4 20. Rf3 Nxc2 21.
Qxc2 b5 22. Rxf6 gxf6 23. Nd5 Kh8 24. Qd1 Re8 25. axb5 axb5 26. Ra1 Qd8 27.
cxb5 f5 28. exf5 Qg5 29. Ne3 Rc5 30. Qxd6 Rxb5 31. Qd7 Reb8 32. Qxf7 Rxb3 33.
Rf1 Rb1 34. g3 Rxf1+ 35. Kxf1 Qh6 36. Kg2 Qc6+ 37. Kh3 Qh6+ 38. Kg2 Qc6+ 39.
Qd5 Qxd5+ 40. Nxd5 Rb5 41. Ne3 Kg7 42. g4 Kf6 43. h4 h6 44. Kf3 Ra5 45. Kg3 Ra3
46. Kg2 Rd3 47. Kf3 1/2-1/2

[Event "ETCC"]
[Site "Plovdiv"]
[Date "2003.10.19"]
[Round "8.9"]
[White "Gustafsson, Jan"]
[Black "Nikolaidis, Ioannis"]
[Result "1-0"]
[WhiteElo "2571"]
[BlackElo "2467"]
[PlyCount "93"]
[EventDate "2003.10.19"]

1. d4 e6 2. c4 b6 3. a3 c5 4. d5 exd5 5. cxd5 d6 6. e4 g6 7. Nf3 Bg7 8. Bd3 Nf6
9. h3 O-O 10. O-O Ba6 11. Nc3 Re8 12. Bf4 Bxd3 13. Qxd3 a6 14. Rfe1 Ra7 15. a4
Rae7 16. Bg5 h6 17. Bh4 Qc8 18. Nd2 Nbd7 19. Bg3 Ne5 20. Bxe5 dxe5 21. Nc4 Qb8
22. Reb1 Rb7 23. Ne3 b5 24. axb5 axb5 25. b3 Bf8 26. Ra5 c4 27. bxc4 bxc4 28.
Nxc4 Bb4 29. Ra6 Nd7 30. Na4 Nc5 31. Nxc5 Bxc5 32. Rxb7 Qxb7 33. Ra2 Ra8 34.
Rxa8+ Qxa8 35. g3 Qa2 36. Ne3 Kg7 37. Kg2 Bd4 38. Nc2 Bc5 39. Qc3 Bd6 40. Ne3
Qb1 41. Qc2 Qb4 42. Nc4 Bb8 43. Qd3 Qc5 44. d6 Ba7 45. Ne3 Qa5 46. Qd5 Qc3 47.
Ng4 1-0

[Event "ETCC"]
[Site "Plovdiv"]
[Date "2003.10.19"]
[Round "8.11"]
[White "Karttunen, Mika"]
[Black "Hellsten, Johan"]
[Result "1/2-1/2"]
[WhiteElo "2379"]
[BlackElo "2534"]
[PlyCount "55"]
[EventDate "2003.10.19"]

1. d4 Nf6 2. Bg5 e6 3. e4 h6 4. Bxf6 Qxf6 5. c3 d5 6. Nd2 c5 7. Ngf3 a6 8. dxc5
Bxc5 9. Bd3 Nc6 10. O-O O-O 11. Qe2 Ba7 12. Rfe1 Bd7 13. Rad1 Rad8 14. Nf1 dxe4
15. Qxe4 g6 16. Ne3 Qg7 17. Nc4 Bc8 18. Bc2 Qf6 19. h4 Qf5 20. Nd6 Qc5 21. Qf4
Qxf2+ 22. Kh1 Rxd6 23. Rxd6 Bb8 24. Qxh6 Bxd6 25. Bxg6 fxg6 26. Qxg6+ Kh8 27.
Qh6+ Kg8 28. Qg6+ 1/2-1/2

[Event "ETCC"]
[Site "Plovdiv"]
[Date "2003.10.19"]
[Round "8.14"]
[White "Godena, Michele"]
[Black "Shaw, John"]
[Result "1/2-1/2"]
[WhiteElo "2523"]
[BlackElo "2465"]
[PlyCount "117"]
[EventDate "2003.10.19"]

1. e4 e6 2. d4 d5 3. Nd2 Nf6 4. e5 Nfd7 5. Bd3 c5 6. c3 Nc6 7. Ne2 cxd4 8. cxd4
f6 9. exf6 Nxf6 10. Nf3 Bd6 11. O-O O-O 12. Bf4 Bxf4 13. Nxf4 Ne4 14. Qc1 Ng5
15. Nxg5 Qxg5 16. Ne2 Qf6 17. Qd2 a6 18. Rad1 Bd7 19. Bc2 Rac8 20. f3 Be8 21.
Rfe1 Bf7 22. Ba4 b5 23. Bb3 Rfe8 24. a3 Qd8 25. Rc1 Qb6 26. Kh1 Na5 27. Rxc8
Rxc8 28. Bc2 Nc4 29. Qc3 Rc6 30. Bb1 a5 31. Nf4 b4 32. axb4 Qxb4 33. Qxb4 axb4
34. Rc1 Na5 35. Rc5 Rxc5 36. dxc5 e5 37. Nd3 Bg6 38. Kg1 Kf8 39. Kf2 Ke7 40.
Nxb4 Bxb1 41. Nxd5+ Ke6 42. Nc3 Bg6 43. b4 Nb3 44. Ke3 Kd7 45. f4 exf4+ 46.
Kxf4 Nd4 47. h4 Kc6 48. Ke5 Nc2 49. Nd5 Bf7 50. Ne7+ Kd7 51. Nf5 Nxb4 52. Nxg7
Nd3+ 53. Kf6 Bd5 54. Nh5 Bxg2 55. Kg7 Nxc5 56. Kxh7 Ke7 57. Nf4 Be4+ 58. Kg7
Ne6+ 59. Nxe6 1/2-1/2

[Event "ETCC"]
[Site "Plovdiv"]
[Date "2003.10.19"]
[Round "8.17"]
[White "Collins, Sam"]
[Black "Volkmann, Friedrich"]
[Result "0-1"]
[WhiteElo "2387"]
[BlackElo "2452"]
[PlyCount "90"]
[EventDate "2003.10.19"]

1. e4 e5 2. Nf3 Nf6 3. Nxe5 d6 4. Nf3 Nxe4 5. Nc3 Nxc3 6. dxc3 Be7 7. Bf4 Nd7
8. Qd2 Nc5 9. O-O-O O-O 10. Kb1 Re8 11. Be3 Bg4 12. Be2 Ne4 13. Qe1 Bf6 14. h3
Bd7 15. Bd4 c5 16. Bxf6 Qxf6 17. Nd2 Qxf2 18. Nxe4 Qxe1 19. Rhxe1 Rxe4 20. Bf3
Rxe1 21. Rxe1 Re8 22. Rxe8+ Bxe8 23. Bxb7 g5 24. b4 f5 25. a3 h5 26. Bd5+ Kg7
27. c4 cxb4 28. axb4 Kf6 29. Kc1 Ke5 30. Kd2 h4 31. Ke3 Bd7 32. c3 g4 33. Kf2
Kf4 34. Bb7 Be6 35. Ba6 Ke4 36. Bb7+ Kd3 37. c5 dxc5 38. bxc5 a5 39. Bc6 Kc4
40. Ke3 Kxc5 41. Be8 Bd5 42. hxg4 fxg4 43. Bd7 g3 44. Bh3 a4 45. Kd3 a3 0-1

[Event "ETCC"]
[Site "Plovdiv"]
[Date "2003.10.19"]
[Round "8.17"]
[White "Fox, Anthony"]
[Black "Schroll, Gerhard"]
[Result "0-1"]
[WhiteElo "2126"]
[BlackElo "2417"]
[PlyCount "52"]
[EventDate "2003.10.19"]

1. e4 e5 2. Nf3 Nc6 3. Nc3 Nf6 4. Bb5 Bc5 5. Bxc6 dxc6 6. d3 O-O 7. h3 Re8 8.
Ne2 Bf8 9. g4 c5 10. Ng3 Nd7 11. Bg5 f6 12. Be3 Nb8 13. Qe2 Nc6 14. c3 b6 15.
O-O-O Be6 16. Kb1 Qd7 17. Nh4 Qf7 18. c4 b5 19. b3 a5 20. Rd2 a4 21. Rb2 axb3
22. axb3 Ra3 23. Nf3 bxc4 24. dxc4 Rea8 25. Bd2 Rxb3 26. Rc1 Rba3 0-1